Labour Economics. (Record no. 5942)

MARC details
005 - DATE AND TIME OF LATEST TRANSACTION
control field 20250628100655.0
020 ## - INTERNATIONAL STANDARD BOOK NUMBER
International Standard Book Number 978- 81-261-6387-8
082 ## - DEWEY DECIMAL CLASSIFICATION NUMBER
Classification number 331 PRA
100 ## - MAIN ENTRY--PERSONAL NAME
Author name PRASAD, B.
245 ## - TITLE STATEMENT
Title Labour Economics.
250 ## - EDITION STATEMENT
Edition statement 2nd Ed.
260 ## - PUBLICATION, DISTRIBUTION, ETC.
Place of publication, distribution, etc. New Delhi,
Name of publisher, distributor, etc. Anmol Publication PVT LTD,
Date of publication, distribution, etc. 2001.
300 ## - PHYSICAL DESCRIPTION
Extent viii, 304p.: ill.; figure
Other physical details Bibliography & Index
Dimensions 23cm
942 ## - ADDED ENTRY ELEMENTS (KOHA)
Source of classification or shelving scheme Dewey Decimal Classification
Koha item type Books
Holdings
Date last seen Total checkouts Full call number Barcode Cost, replacement price Price effective from Koha item type Lost status Source of classification or shelving scheme Damaged status Not for loan Withdrawn status Home library Current library Shelving location Date acquired Cost, normal purchase price
06/28/2025   331 PRA DOM0002652 60000.00 06/28/2025 Books   Dewey Decimal Classification       CBE Dodoma CBE Dodoma General Collection 03/26/2015 20000.00